Japon ou Russie - Statistiques

Statistiques générales
  • Ce quiz a été pris 337 fois
  • Le résultat moyen est 7 sur 10
Statistiques - réponses
Question Réponse % Correct
Celui ayant le plus grand nombre de touristes (avant la pandémie) Japon
91%
Celui ayant un président comme chef d'État Russie
88%
Celui étant le plus proche du Bhoutan Russie
82%
Celui étant le plus vieux Japon
81%
Celui roulant à gauche sur les autoroutes Japon
81%
Celui ayant le plus gros PIB Japon
74%
Celui étant le plus peuplé Russie
63%
Celui ayant la capitale la plus grande en superficie Russie
49%
Celui ayant la plus grande croissance démographique (les deux pays sont dans le négatif) Japon
32%
Celui étant le plus proche du Brésil Russie
26%
Aucun quiz correspondant
Distribution des résultats
% des personnes avec chaque résultat
Percentile par nombre de réponses
Votre historique - résultats
Vous n’avez pas pris ce quiz